MARC details
| 000 -CABECERA |
| campo de control de longitud fija |
01292nam a2200325 a 4500 |
| 001 - NÚMERO DE CONTROL |
| campo de control |
000040820 |
| 005 - FECHA Y HORA DE LA ÚLTIMA TRANSACCIÓN |
| campo de control |
20201002034414.0 |
| 008 - DATOS DE LONGITUD FIJA--INFORMACIÓN GENERAL |
| campo de control de longitud fija |
130902s1984 sp c 000 0bspa d |
| 020 ## - NÚMERO INTERNACIONAL ESTÁNDAR DEL LIBRO |
| Número Internacional Estándar del Libro |
8434581574 |
| Enlace entre campo y número de secuencia |
v. 1 |
| 020 ## - NÚMERO INTERNACIONAL ESTÁNDAR DEL LIBRO |
| Número Internacional Estándar del Libro |
8434581582 |
| Enlace entre campo y número de secuencia |
v. 2 |
| 040 ## - FUENTE DE LA CATALOGACIÓN |
| Centro catalogador/agencia de origen |
DO-SdBNP |
| Lengua de catalogación |
spa |
| Centro/agencia transcriptor |
BNPHU |
| 082 ## - NÚMERO DE LA CLASIFICACIÓN DECIMAL DEWEY |
| Número de clasificación |
150.1952 |
| Número de documento/Ítem |
F889E |
| 100 1# - ENTRADA PRINCIPAL--NOMBRE DE PERSONA |
| Nombre de persona |
Ernest Jones |
| 9 (RLIN) |
67239 |
| 240 10 - TÍTULO UNIFORME |
| Título uniforme |
The life and work of Sigmun Freud |
| Lenguaje de la obra |
spa |
| 245 10 - MENCIÓN DE TÍTULO |
| Título |
Freud / |
| Mención de responsabilidad, etc. |
Ernest Jones; prólogo, C. Castilla del Pino; introducción, Lionel Trilling; traducción, Mario Carlisky, José Cano Tembleque. |
| 260 ## - PUBLICACIÓN, DISTRIBUCIÓN, ETC. |
| Lugar de publicación, distribución, etc. |
Barcelona : |
| Nombre del editor, distribuidor, etc. |
Salvat, |
| Fecha de publicación, distribución, etc. |
1984. |
| 300 ## - DESCRIPCIÓN FÍSICA |
| Extensión |
2 v. : |
| Otras características físicas |
retrs. ; |
| Dimensiones |
20 cm. |
| 490 1# - MENCIÓN DE SERIE |
| Mención de serie |
Biblioteca Salvat de grandes biografías |
| Designación de volumen o secuencia |
12 |
| 490 1# - MENCIÓN DE SERIE |
| Mención de serie |
Biblioteca Salvat de grandes biografías |
| Designación de volumen o secuencia |
13 |
| 504 ## - NOTA DE BIBLIOGRAFÍA, ETC. |
| Nota de bibliografía, etc. |
Bibliografía p: 580 |
| Número de referencias |
v. 2 |
| 600 14 - PUNTO DE ACCESO ADICIONAL DE MATERIA--NOMBRE DE PERSONA |
| Nombre de persona |
FREUD, SIGMUND, |
| Fechas asociadas al nombre |
1856-1939 |
| 9 (RLIN) |
35138 |
| 650 #4 - PUNTO DE ACCESO ADICIONAL DE MATERIA--TÉRMINO DE MATERIA |
| Término de materia o nombre geográfico como elemento de entrada |
Psicoanalistas |
| Subdivisión geográfica |
Austria |
| Subdivisión de forma |
BIOGRAFÍAS |
| 9 (RLIN) |
67240 |
| 700 12 - PUNTO DE ACCESO ADICIONAL--NOMBRE DE PERSONA |
| Nombre de persona |
Castilla del Pino, C. |
| Fechas asociadas al nombre |
1922-2009 |
| Término indicativo de función/relación |
prol. |
| 9 (RLIN) |
67241 |
| 700 12 - PUNTO DE ACCESO ADICIONAL--NOMBRE DE PERSONA |
| Nombre de persona |
Carlisky, Mario |
| Término indicativo de función/relación |
trad. |
| 9 (RLIN) |
67242 |
| 700 12 - PUNTO DE ACCESO ADICIONAL--NOMBRE DE PERSONA |
| Nombre de persona |
Cano Tembleque, José |
| Término indicativo de función/relación |
trad. |
| 9 (RLIN) |
67243 |
| 700 12 - PUNTO DE ACCESO ADICIONAL--NOMBRE DE PERSONA |
| Nombre de persona |
Trilling, Lionel |
| Término indicativo de función/relación |
intr. |
| 9 (RLIN) |
67244 |
| 830 #0 - PUNTO DE ACCESO ADICIONAL DE SERIE-TÍTULO UNIFORME |
| Título uniforme |
Biblioteca Salvat de grandes biografías |
| Designación de volumen o secuencia |
12 |
| 9 (RLIN) |
42025 |
| 830 #0 - PUNTO DE ACCESO ADICIONAL DE SERIE-TÍTULO UNIFORME |
| Título uniforme |
Biblioteca Salvat de grandes biografías |
| Designación de volumen o secuencia |
13 |
| 9 (RLIN) |
42025 |
| 910 ## - DATOS DE OPCIÓN DEL USUARIO (OCLC) |
| Datos de opción del usuario |
Validado. Control de calidad MFF |